<?xml version="1.0" encoding="UTF-8"?>
<record
    xmlns:xsi="http://www.w3.org/2001/XMLSchema-instance"
    xsi:schemaLocation="http://www.loc.gov/MARC21/slim http://www.loc.gov/standards/marcxml/schema/MARC21slim.xsd"
    xmlns="http://www.loc.gov/MARC21/slim">

  <leader>00891nam a2200241Ia 4500</leader>
  <controlfield tag="003">OSt</controlfield>
  <controlfield tag="005">20250409093053.0</controlfield>
  <controlfield tag="008">210210b1994   xxu||||| |||| 00| 0 eng d</controlfield>
  <datafield tag="040" ind1=" " ind2=" ">
    <subfield code="c">AL</subfield>
  </datafield>
  <datafield tag="041" ind1=" " ind2=" ">
    <subfield code="a">kan</subfield>
  </datafield>
  <datafield tag="082" ind1=" " ind2=" ">
    <subfield code="a">K894.9 TEJS</subfield>
  </datafield>
  <datafield tag="100" ind1=" " ind2=" ">
    <subfield code="a">TEJASVINI NIRANJANA Ed</subfield>
    <subfield code="9">207331</subfield>
  </datafield>
  <datafield tag="110" ind1=" " ind2=" ">
    <subfield code="a">SIMANTINI NIRANJANA Ed</subfield>
    <subfield code="9">207332</subfield>
  </datafield>
  <datafield tag="245" ind1=" " ind2=" ">
    <subfield code="a">Strivadi sahitya vimarshe:</subfield>
    <subfield code="b">&#xCB8;&#xCCD;&#xCA4;&#xCCD;&#xCB0;&#xCC0;&#xCB5;&#xCBE;&#xCA6;&#xCBF; &#xCB8;&#xCBE;&#xCB9;&#xCBF;&#xCA4;&#xCCD;&#xCAF; &#xCB5;&#xCBF;&#xCAE;&#xCB0;&#xCCD;&#xCB6;&#xCC6; </subfield>
  </datafield>
  <datafield tag="260" ind1=" " ind2=" ">
    <subfield code="a">Bengaluru</subfield>
    <subfield code="b">Kannada Sangha Kraist Kalej</subfield>
    <subfield code="c">1994</subfield>
  </datafield>
  <datafield tag="300" ind1=" " ind2=" ">
    <subfield code="a">viii,270</subfield>
  </datafield>
  <datafield tag="650" ind1=" " ind2=" ">
    <subfield code="a">Mahile Shyamchi Ayi Sane Guruji Stri Vidyabhyasa Kamala Dasya Stritva Vachanakartiyaru Vimukti Stripara Parampare</subfield>
    <subfield code="9">207333</subfield>
  </datafield>
  <datafield tag="690" ind1=" " ind2=" ">
    <subfield code="a">Kannada Criticism</subfield>
    <subfield code="9">207334</subfield>
  </datafield>
  <datafield tag="700" ind1=" " ind2=" ">
    <subfield code="a">&#xCA4;&#xCC7;&#xC9C;&#xCB8;&#xCCD;&#xCB5;&#xCBF;&#xCA8;&#xCBF; &#xCA8;&#xCBF;&#xCB0;&#xC82;&#xC9C;&#xCA8; Ed</subfield>
    <subfield code="9">207335</subfield>
  </datafield>
  <datafield tag="710" ind1=" " ind2=" ">
    <subfield code="a">&#xCB8;&#xCC0;&#xCAE;&#xC82;&#xCA4;&#xCBF;&#xCA8;&#xCBF; &#xCA8;&#xCBF;&#xCB0;&#xC82;&#xC9C;&#xCA8; Ed</subfield>
    <subfield code="9">207336</subfield>
  </datafield>
  <datafield tag="906" ind1=" " ind2=" ">
    <subfield code="a">049420</subfield>
  </datafield>
  <datafield tag="942" ind1=" " ind2=" ">
    <subfield code="2">ddc</subfield>
    <subfield code="c">BK</subfield>
  </datafield>
  <datafield tag="999" ind1=" " ind2=" ">
    <subfield code="c">98141</subfield>
    <subfield code="d">98141</subfield>
  </datafield>
  <datafield tag="952" ind1=" " ind2=" ">
    <subfield code="0">0</subfield>
    <subfield code="1">0</subfield>
    <subfield code="2">ddc</subfield>
    <subfield code="4">0</subfield>
    <subfield code="7">0</subfield>
    <subfield code="8">KAN</subfield>
    <subfield code="a">AL</subfield>
    <subfield code="b">AL</subfield>
    <subfield code="c">Kannada Literature</subfield>
    <subfield code="d">2021-02-17</subfield>
    <subfield code="g">120.00</subfield>
    <subfield code="l">1</subfield>
    <subfield code="o">K894.9 TEJS</subfield>
    <subfield code="p">049420</subfield>
    <subfield code="r">2025-09-01 15:04:20</subfield>
    <subfield code="s">2025-06-28</subfield>
    <subfield code="w">2021-02-17</subfield>
    <subfield code="y">BK</subfield>
  </datafield>
</record>
